<?xml version="1.0" encoding="UTF-8"?>
<record
    xmlns:xsi="http://www.w3.org/2001/XMLSchema-instance"
    xsi:schemaLocation="http://www.loc.gov/MARC21/slim http://www.loc.gov/standards/marcxml/schema/MARC21slim.xsd"
    xmlns="http://www.loc.gov/MARC21/slim">

  <leader>00200nam a2200097Ia 4500</leader>
  <datafield tag="100" ind1=" " ind2=" ">
    <subfield code="a">Kumbhojkar-G.v</subfield>
    <subfield code="9">37</subfield>
  </datafield>
  <datafield tag="942" ind1=" " ind2=" ">
    <subfield code="c">BK</subfield>
  </datafield>
  <datafield tag="245" ind1=" " ind2=" ">
    <subfield code="a">Engineering Mathematics iv</subfield>
  </datafield>
  <datafield tag="260" ind1=" " ind2=" ">
    <subfield code="c">2023</subfield>
  </datafield>
  <datafield tag="082" ind1=" " ind2=" ">
    <subfield code="a">510&#xA0;</subfield>
    <subfield code="b">KUM</subfield>
  </datafield>
  <datafield tag="999" ind1=" " ind2=" ">
    <subfield code="c">35851</subfield>
    <subfield code="d">35851</subfield>
  </datafield>
  <datafield tag="952" ind1=" " ind2=" ">
    <subfield code="0">0</subfield>
    <subfield code="1">0</subfield>
    <subfield code="4">0</subfield>
    <subfield code="7">0</subfield>
    <subfield code="a">CRCE</subfield>
    <subfield code="b">1234</subfield>
    <subfield code="d">2023-06-16</subfield>
    <subfield code="i">039 DT 15.04.2023</subfield>
    <subfield code="l">1</subfield>
    <subfield code="o">510&#xA0;KUM</subfield>
    <subfield code="p">26132</subfield>
    <subfield code="q">2023-06-28</subfield>
    <subfield code="r">2023-06-21</subfield>
    <subfield code="s">2023-06-21</subfield>
    <subfield code="w">2023-06-19</subfield>
    <subfield code="y">BK</subfield>
  </datafield>
  <datafield tag="952" ind1=" " ind2=" ">
    <subfield code="0">0</subfield>
    <subfield code="1">0</subfield>
    <subfield code="4">0</subfield>
    <subfield code="7">0</subfield>
    <subfield code="a">CRCE</subfield>
    <subfield code="b">428</subfield>
    <subfield code="d">2023-06-16</subfield>
    <subfield code="i">039 DT 15.04.2023</subfield>
    <subfield code="l">1</subfield>
    <subfield code="o">510&#xA0;KUM</subfield>
    <subfield code="p">26133</subfield>
    <subfield code="r">2025-07-24</subfield>
    <subfield code="s">2023-06-21</subfield>
    <subfield code="w">2023-06-19</subfield>
    <subfield code="y">BK</subfield>
  </datafield>
  <datafield tag="952" ind1=" " ind2=" ">
    <subfield code="0">0</subfield>
    <subfield code="1">0</subfield>
    <subfield code="4">0</subfield>
    <subfield code="7">0</subfield>
    <subfield code="a">CRCE</subfield>
    <subfield code="b">CRCE</subfield>
    <subfield code="d">2023-06-16</subfield>
    <subfield code="i">039 DT 15.04.2023</subfield>
    <subfield code="l">3</subfield>
    <subfield code="o">510&#xA0;KUM</subfield>
    <subfield code="p">26134</subfield>
    <subfield code="r">2026-06-24</subfield>
    <subfield code="s">2025-11-11</subfield>
    <subfield code="w">2023-06-19</subfield>
    <subfield code="y">BK</subfield>
  </datafield>
  <datafield tag="952" ind1=" " ind2=" ">
    <subfield code="0">0</subfield>
    <subfield code="1">0</subfield>
    <subfield code="4">0</subfield>
    <subfield code="7">0</subfield>
    <subfield code="a">CRCE</subfield>
    <subfield code="b">428</subfield>
    <subfield code="d">2023-06-16</subfield>
    <subfield code="i">039 DT 15.04.2023</subfield>
    <subfield code="l">6</subfield>
    <subfield code="m">5</subfield>
    <subfield code="o">510&#xA0;KUM</subfield>
    <subfield code="p">26135</subfield>
    <subfield code="q">2025-03-11</subfield>
    <subfield code="r">2025-03-01</subfield>
    <subfield code="s">2025-03-01</subfield>
    <subfield code="w">2023-06-19</subfield>
    <subfield code="y">BK</subfield>
  </datafield>
  <datafield tag="952" ind1=" " ind2=" ">
    <subfield code="0">0</subfield>
    <subfield code="1">0</subfield>
    <subfield code="4">0</subfield>
    <subfield code="7">0</subfield>
    <subfield code="a">CRCE</subfield>
    <subfield code="b">CRCE</subfield>
    <subfield code="d">2023-06-16</subfield>
    <subfield code="i">039 DT 15.04.2023</subfield>
    <subfield code="l">3</subfield>
    <subfield code="o">510&#xA0;KUM</subfield>
    <subfield code="p">26136</subfield>
    <subfield code="r">2024-05-16</subfield>
    <subfield code="s">2024-01-08</subfield>
    <subfield code="w">2023-06-19</subfield>
    <subfield code="y">BK</subfield>
  </datafield>
</record>
